Monarchs and their Descendants - Belgium - Statistics

General Stats
  • This quiz has been taken 102 times
  • The average score is 4 of 6
Answer Stats
Hint Answer % Correct
Monarch King Philippe of Belgium
98%
Children Princess Elisabeth, Duchess of Brabant
88%
Spouse Queen Mathilde of Belgium
80%
Children Prince Gabriel of Belgium
64%
Children Prince Emmanuel of Belgium
59%
Children Princess Eléonore of Belgium
58%
No matching quizzes found
Score Distribution
Percent of People with Each Score
Percentile by Number Answered
Your Score History
You have not taken this quiz